000 01058nas a2200361 4500
001 BR0300459
003 BR-BrBNA
005 20231205103543.0
007 ta
008 230509b bl.|||p| |||| 00| 00por d
040 _aBR-BrBNA
_bpor
_cBiblioteca Nacional de Agricultura
041 _a(Pt)
072 _aF01; Q04
100 1 _aPimenta, C.J.
100 1 _aVillela, E.R.
245 1 _aAvaliação química e qualitativa do café (Coffea arabica L.)colhido sobre o pano e no chão, em diferentes épocas
650 _aCAFÉ
650 _aGRÃO
650 _aÉPOCA DE COLHEITA
650 _aSECAGEM
650 _aTERRAÇO
650 _aCIMENTO
650 _aUMIDADE
650 _aCOMPOSIÇÃO QUÍMICA
650 _aCOLORIMETRIA
650 _aCOMPOSTO FENÓLICO
650 _aACIDEZ
650 _aLIXIVIAÇÃO
650 _aCONTROLE DE QUALIDADE
773 0 _tRevista Brasileira de Armazenamento (Brazil)
_xISSN 0100-3518
_g(2002), (no. 5) p. 36-43
_wBR0300459
909 _a202311
_bLúcia
_c55
_dLúcia Elande
942 _2AGRIS
_n0
_cANA
999 _c173489
_d173489